000 00705nam a2200289Ia 4500
005 20260324122850.0
008 008 260324s9999 xx 000 0 eng d
020 _a9780203114018
037 _aEBOOK
040 _aCRL
040 _beng
040 _cCRL
041 _2eng
041 _aeng
084 _qCRL
100 _aJocelyn Pixley
_91168124
245 0 _aNew Perspectives on Emotions in Finance
245 4 _bThe Sociology of Confidence, Fear and Betrayal
260 _bTaylor and Francis
260 _c2012
365 _a
365 _b240
856 _uhttp://www.taylorfrancis.com/books/9780203114018
942 _cEBOOK
999 _c1761171
_d1761171